Регионална библиотека "Любен Каравелов" - Русе

Атеросклероза (Запис номер 123204)

MARC детайли
000 -Лидер
Контролно поле с фиксирана дължина 01842nam a2200397 c 4500
003 - Код на организацията, давaща контролен номер
Контролно поле BLK
005 - Дата и час на последна редакция
Контролно поле 20180420231711.0
008 - Елементи от данни с фиксирана дължина
fixed length control field 180409b bul|||||r ||||||| ||bul||
010 ## - Наследен системен номер
LC control number KNG00128862000
040 ## - Източник на каталожния запис
Идентификатор на билиотеката - собственик на записа BLK
041 ## - Код за език
Код за езика на текст/звукозапис или на отделно заглавие Български
Код за езика КДБФ Български
072 #7 - Код за тематичната категория
Код организация bullib
Код за тематична категория Л01
Текст Заболявания
072 #7 - Код за тематичната категория
Код организация bullib
Код за тематична категория Л0101
Текст Билколечение. Природолечение. Народна медицина
080 ## - УДК
Текстов определител УДК Болести на артериите - Атеросклероза, аневризма, васкулити, артерит, коронарна болест на сърцето, артериосклероза и др.
УДК код - определител по УДК 616.13
УДК определител -08(083.1)
УДК - код + определител 616.13-08(083.1)
080 ## - УДК
Текстов определител УДК Народна медицина. Лечение с домашни средства
УДК код - определител по УДК 615.89
УДК определител (083.1)
УДК - код + определител 615.89(083.1)
139 ## - Редно поле
Редна дума Атеросклероза
Авторски знак Ат - А 93
245 10 - Сведения за заглавието
Заглавие Атеросклероза
Подзаглавни данни Рецепти от нар. медицина
Редно поле (дума) състав. Лютен Тенпе.
257 ## - Страна на издаване
Страна на създаване/издаване България
260 ## - Област на издателските данни
-- София
Име на издателя, разпространителя и проч. Зелена вълна
Година на издаване 1992
300 ## - Физическа характеристика
Страници 31 с.
Размери/Мащаб 15 см
380 ## - Жанр
Жанр Медицина
490 1# - СЕРИИ (Колекции)
Име на серия Библиотека Красота и дълголетие
№: серия 1
500 ## - Общи забележки
Забележка Офс. изд.
650 #4 - Допълнително описание по предмет – тема
Основно описание – тема или топоним Атеросклероза - профилактика и природолечение
9 (RLIN) 147821
650 #4 - Допълнително описание по предмет – тема
Основно описание – тема или топоним Народна медицина - рецепти
9 (RLIN) 242084
653 ## - Ключова дума – ненормативна
Ключова дума народна медицина
653 ## - Ключова дума – ненормативна
Ключова дума атеросклероза
653 ## - Ключова дума – ненормативна
Ключова дума природолечение
659 ## - Тематичен бюлетин
Тематичен бюлетин Л
700 1# - Други автори (авторска отговорност)
Лично име Тенпе, Лютен
Автороска отговорност (Описва отношението между автора и произведението) състав.
9 (RLIN) 128381
852 ## - Местоположение
Форматна сигнатура Цб І 26363
856 4# - Електронен адрес и достъп
Електронен формат pdf - файл
Път до файла /url/
856 4# - Електронен адрес и достъп
Електронен формат pdf - файл
Път до файла /url/
942 ## - АРТИКУЛИ
Вид на библиотечния материал Книги
Скрит в OPAC Не
944 ## - СЪЗДАВАНЕ И РЕДАКЦИЯ на ЗАПИСА
Създаване/Редакция Създаване
Дата на регистрацията/редакция 16.03.2012
Статус, дата на статуса 16.03.2012 - от С1,Р / 16.03.2012
Служител, извършил регистрацията/редакцията Ирена_Линкова
944 ## - СЪЗДАВАНЕ И РЕДАКЦИЯ на ЗАПИСА
Създаване/Редакция Редакция
Дата на регистрацията/редакция 29.09.2012
Статус, дата на статуса 16.03.2012 - от С1,Р / 16.03.2012
Служител, извършил регистрацията/редакцията
999 ## - СИСТЕМНИ КОНТРОЛНИ НОМЕРА
Koha biblionumber 123204
Koha biblioitemnumber 123204
Наличности
Код за отписване Код за изгубен артикул Източник на класификационната схема Код за повреда Коз за рестрикции Код за отдаване Артикулен № Име на библиотеката - собственик Име на библиотеката, в която се намира в момента Статус (Текущо местоположение) Дата на вписване в системата Местоположение - отдел Цена в лева Инвентарен номер Систематично азбучна сигнатура Баркод Номер на екземпляра Цена в евро Служебна бележка Служебен тип на артикула
  Не е изгубен Universal Decimal Classification Не е повреден без рестрикции ползва се в читалня 199378 Регионална библиотека "Любен Каравелов" Русе Регионална библиотека "Любен Каравелов" Русе Хранилище 1992-01-01 Хранилище 0.21 578700 Цб І 26363 120000578700 1 0.11 N: стар фонд Дата: 01.01.1992 Книги
Vip Innovations Ltd, Rousse, Bulgaria 2025